[Event "World Cup Americas Prelim"]
[Site "Tornelo INT"]
[Date "2021.05.08"]
[Round "2.16"]
[White "Barron, Michael"]
[Black "Della Morte, German"]
[Result "1/2-1/2"]
[WhiteElo "2108"]
[BlackElo "2368"]
[PlyCount "152"]
[EventDate "2021.05.08"]
[EventType "swiss (rapid)"]
[EventRounds "9"]
[EventCountry "NET"]
[Source "Mark Crowther"]
[SourceDate "2021.05.17"]

1. e4 e5 2. Nf3 Nc6 3. Bb5 a6 4. Ba4 Nf6 5. O-O Be7 6. Re1 b5 7. Bb3 O-O 8. d4
d6 9. c3 Bg4 10. d5 Na5 11. Bc2 c6 12. h3 Bc8 13. dxc6 Qc7 14. Nbd2 Qxc6 15.
Nf1 Be6 16. Ng3 h6 17. Nh4 Rfe8 18. Nhf5 Bf8 19. Qf3 Nh7 20. Nh5 Kh8 21. Nfxg7
Bxg7 22. Nxg7 Kxg7 23. Qh5 Kh8 24. Bxh6 Rg8 25. Rad1 Nc4 26. b3 Na3 27. Bd3
Qxc3 28. Re3 Rg6 29. Bf1 Qc6 30. f4 Rxh6 31. Qxh6 Qb6 32. f5 Nc2 33. Rxd6 Qxe3+
34. Qxe3 Nxe3 35. fxe6 fxe6 36. Rxe6 Nxf1 37. Kxf1 Kg7 38. Rxe5 Nf6 39. g4 Rc8
40. Re7+ Kg6 41. Re6 Kf7 42. Rxa6 Nxe4 43. Ke2 Nc3+ 44. Kd3 b4 45. a3 bxa3 46.
Rxa3 Nd5 47. Kd4 Nf4 48. b4 Ne6+ 49. Ke5 Nd8 50. Ra7+ Kg6 51. b5 Rc5+ 52. Kf4
Ne6+ 53. Kg3 Rxb5 54. Ra6 Kf6 55. h4 Rb3+ 56. Kg2 Ke5 57. Ra5+ Ke4 58. Ra4+ Nd4
59. h5 Rb5 60. Kg3 Rb3+ 61. Kh4 Rb1 62. h6 Ke5 63. Kg5 Nf3+ 64. Kg6 Rb6+ 65.
Kh5 Rb1 66. h7 Rh1+ 67. Kg6 Ke6 68. Re4+ Kd5 69. Rf4 Ne5+ 70. Kg7 Rh4 71. h8=Q
Rxh8 72. Kxh8 Ng6+ 73. Kg7 Nxf4 74. Kf6 Ke4 75. g5 Kf3 76. g6 Nxg6 1/2-1/2

[Event "World Cup Americas Prelim"]
[Site "Tornelo INT"]
[Date "2021.05.08"]
[Round "3.12"]
[White "Avila Pavas, Santiago"]
[Black "Barron, Michael"]
[Result "1-0"]
[WhiteElo "2373"]
[BlackElo "2108"]
[PlyCount "81"]
[EventDate "2021.05.08"]
[EventType "swiss (rapid)"]
[EventRounds "9"]
[EventCountry "NET"]
[Source "Mark Crowther"]
[SourceDate "2021.05.17"]

1. d4 f5 2. e4 fxe4 3. Nc3 Nf6 4. Bg5 c6 5. Bxf6 exf6 6. Nxe4 d5 7. Ng3 Bd6 8.
Bd3 O-O 9. N1e2 f5 10. Qd2 f4 11. Nf1 f3 12. gxf3 Rxf3 13. Nfg3 Qf6 14. O-O-O
Bf4 15. Nxf4 Qxf4 16. Qxf4 Rxf4 17. Rde1 g6 18. Re8+ Rf8 19. Rxf8+ Kxf8 20. h4
Bg4 21. f3 Be6 22. h5 Kg7 23. hxg6 hxg6 24. Re1 Kf6 25. Bxg6 Nd7 26. f4 Nf8 27.
f5 Bd7 28. Nh5+ Kg5 29. Rg1+ Kh6 30. Nf6 Rd8 31. Ng8+ Kg7 32. Be8+ Kh7 33. Nf6+
Kh6 34. Bxd7 Rxd7 35. Nxd7 Nxd7 36. Rg8 Kh7 37. Ra8 Kg7 38. Rxa7 Kf6 39. Rxb7
Nf8 40. a4 Kxf5 41. Rf7+ 1-0

[Event "World Cup Americas Prelim"]
[Site "Tornelo INT"]
[Date "2021.05.08"]
[Round "4.25"]
[White "Barron, Michael"]
[Black "Gemy, J."]
[Result "0-1"]
[WhiteElo "2108"]
[BlackElo "2380"]
[PlyCount "80"]
[EventDate "2021.05.08"]
[EventType "swiss (rapid)"]
[EventRounds "9"]
[EventCountry "NET"]
[Source "Mark Crowther"]
[SourceDate "2021.05.17"]

1. e4 e5 2. Nf3 Nc6 3. Bb5 a6 4. Ba4 Nf6 5. O-O Be7 6. Re1 b5 7. Bb3 O-O 8. d4
d6 9. c3 Bg4 10. d5 Na5 11. Bc2 c5 12. h3 Bh5 13. b3 Qd7 14. Nbd2 Rfc8 15. Nf1
c4 16. b4 Nb7 17. Ng3 Bg6 18. Be3 a5 19. a3 Nh5 20. Nxe5 dxe5 21. Nxh5 axb4 22.
cxb4 f5 23. exf5 Bxf5 24. Bxf5 Qxf5 25. Ng3 Qg6 26. Qg4 Qxg4 27. hxg4 c3 28.
Bc1 Bxb4 29. Rb1 Bxa3 30. Rxb5 Nd6 31. Rb3 Bc5 32. Rxe5 Ra1 33. Ne2 c2 34. Kf1
Nc4 35. Rc3 Nxe5 36. Rxc2 Rc7 37. g5 Bd6 38. Rxc7 Bxc7 39. Ke1 Nd3+ 40. Kd2
Nxc1 0-1

[Event "World Cup Americas Prelim"]
[Site "Tornelo INT"]
[Date "2021.05.09"]
[Round "5.38"]
[White "Flores Rodriguez, Astrid Aphril"]
[Black "Barron, Michael"]
[Result "0-1"]
[WhiteElo "1618"]
[BlackElo "2108"]
[PlyCount "86"]
[EventDate "2021.05.08"]
[EventType "swiss (rapid)"]
[EventRounds "9"]
[EventCountry "NET"]
[Source "Mark Crowther"]
[SourceDate "2021.05.17"]

1. e4 e5 2. Nf3 Nc6 3. Bb5 a6 4. Ba4 Nf6 5. Qe2 b5 6. Bb3 Bc5 7. c3 O-O 8. O-O
d6 9. d3 Bg4 10. h3 Bh5 11. Rd1 Qe7 12. Bg5 h6 13. Bh4 g5 14. Bg3 Kh7 15. Bh2
g4 16. hxg4 Bxg4 17. Bg3 Nh5 18. Bh2 Rg8 19. Kf1 Rg6 20. Bd5 Qd7 21. Bxc6 Qxc6
22. d4 Bb6 23. Na3 Re8 24. d5 Qd7 25. Nc2 f5 26. exf5 Qxf5 27. Ne3 Bxf3 28.
Qxf3 Qxf3 29. gxf3 Rf8 30. Ke2 Rgf6 31. f4 exf4 32. Nc2 f3+ 33. Kf1 Rg8 34. Ne1
Rg4 35. Rd3 Rh4 36. Nxf3 Rxh2 37. Nxh2 Rxf2+ 38. Ke1 Rxh2 39. Rad1 Nf4 40. Rf3
Ng2+ 41. Kf1 Ne3+ 42. Rxe3 Bxe3 43. Re1 Rh1+ 0-1

[Event "World Cup Americas Prelim"]
[Site "Tornelo INT"]
[Date "2021.05.09"]
[Round "6.26"]
[White "Barron, Michael"]
[Black "Frhat, A."]
[Result "0-1"]
[WhiteElo "2108"]
[BlackElo "2404"]
[PlyCount "88"]
[EventDate "2021.05.08"]
[EventType "swiss (rapid)"]
[EventRounds "9"]
[EventCountry "NET"]
[Source "Mark Crowther"]
[SourceDate "2021.05.17"]

1. e4 e5 2. Nf3 Nc6 3. Bb5 a6 4. Ba4 Nf6 5. O-O Be7 6. Re1 b5 7. Bb3 O-O 8. d4
d6 9. c3 Bg4 10. d5 Na5 11. Bc2 Qc8 12. Nbd2 c6 13. h3 Bd7 14. dxc6 Bxc6 15.
Nf1 Re8 16. Ng3 g6 17. Bg5 Nc4 18. b3 Nb6 19. Bxf6 Bxf6 20. Qxd6 Bg7 21. Rad1
Qb7 22. h4 Rac8 23. h5 Bd7 24. Qd2 Bg4 25. h6 Bf8 26. Qe3 Bxf3 27. gxf3 Nd7 28.
Rd3 Nc5 29. Rd5 Qc7 30. c4 Ne6 31. Bd3 Nf4 32. cxb5 axb5 33. Rxb5 Bxh6 34. Bf1
Nh3+ 35. Bxh3 Bxe3 36. Bxc8 Bxf2+ 37. Kxf2 Rxc8 38. Nf1 Qa7+ 39. Ne3 Rc2+ 40.
Kg3 Rxa2 41. Rxe5 Qc7 42. f4 Kg7 43. Nd5 Qc2 44. Re3 Qh2+ 0-1

[Event "World Cup Americas Prelim"]
[Site "Tornelo INT"]
[Date "2021.05.09"]
[Round "8.27"]
[White "Barron, Michael"]
[Black "Del Castilho, Martyn"]
[Result "1/2-1/2"]
[WhiteElo "2108"]
[BlackElo "2304"]
[PlyCount "44"]
[EventDate "2021.05.08"]
[EventType "swiss (rapid)"]
[EventRounds "9"]
[EventCountry "NET"]
[Source "Mark Crowther"]
[SourceDate "2021.05.17"]

1. e4 e5 2. Nf3 Nc6 3. Bb5 a6 4. Ba4 Nf6 5. O-O b5 6. Bb3 Bc5 7. Nxe5 Nxe5 8.
d4 Bxd4 9. Qxd4 d6 10. f4 c5 11. Qd1 Neg4 12. c4 O-O 13. h3 Nh6 14. e5 Ne4 15.
cxb5 c4 16. Bxc4 Qb6+ 17. Kh2 d5 18. Bxd5 Ng4+ 19. hxg4 Qh6+ 20. Kg1 Qb6+ 21.
Kh2 Qh6+ 22. Kg1 Qb6+ 1/2-1/2

[Event "World Cup Americas Prelim"]
[Site "Tornelo INT"]
[Date "2021.05.09"]
[Round "9.30"]
[White "McKennis, Darren"]
[Black "Barron, Michael"]
[Result "1-0"]
[WhiteElo "1735"]
[BlackElo "2108"]
[PlyCount "131"]
[EventDate "2021.05.08"]
[EventType "swiss (rapid)"]
[EventRounds "9"]
[EventCountry "NET"]
[Source "Mark Crowther"]
[SourceDate "2021.05.17"]

1. d4 f5 2. Nc3 Nf6 3. Bg5 d5 4. Bxf6 exf6 5. e3 Be6 6. Nge2 Nc6 7. Qd2 Qd7 8.
h4 h5 9. Nf4 Bf7 10. Be2 g6 11. a3 Ne7 12. g3 Nc8 13. Bf3 c6 14. Na4 b6 15. Nc3
Nd6 16. b3 Bh6 17. Be2 O-O 18. O-O Rfe8 19. a4 a5 20. Kh2 Bf8 21. Rae1 Kh7 22.
Nd1 Ne4 23. Qc1 Bh6 24. Bd3 Kg7 25. c4 g5 26. Ng2 f4 27. exf4 gxf4 28. Nxf4 Kh8
29. Bxe4 dxe4 30. Qe3 Rad8 31. d5 cxd5 32. Qxb6 Qd6 33. Qxd6 Rxd6 34. Nxd5 Bxd5
35. cxd5 Rxd5 36. Nc3 Rde5 37. Re2 f5 38. Rd1 f4 39. Rd4 fxg3+ 40. fxg3 e3 41.
Nd1 Kg7 42. Rd3 Kf6 43. Kg2 R8e6 44. Kf3 Rf5+ 45. Kg2 Rfe5 46. Nb2 Re4 47. Nc4
Re8 48. Nd6 Bf8 49. Nxe8+ Rxe8 50. Rdxe3 Rb8 51. Rf3+ Kg6 52. Re5 Bg7 53. Rxa5
Bd4 54. Rg5+ Kh6 55. g4 hxg4 56. Rxg4 Be5 57. b4 Rc8 58. b5 Rc2+ 59. Rf2 Rc3
60. Ra2 Bf6 61. b6 Kh5 62. Rb4 Bxh4 63. b7 Rg3+ 64. Kh1 Be7 65. b8=Q Rh3+ 66.
Rh2 1-0

[Event "Titled Tuesday 2020.12.22"]
[Site "chess.com INT"]
[Date "2020.12.22"]
[Round "1"]
[White "Barron, Michael"]
[Black "Trent, L."]
[Result "0-1"]
[WhiteElo "2108"]
[BlackElo "2399"]
[PlyCount "34"]
[EventDate "2020.12.22"]
[EventType "swiss (blitz)"]
[EventRounds "11"]
[EventCountry "NET"]
[Source "Mark Crowther"]
[SourceDate "2020.12.28"]

1. e4 c5 2. Nf3 Nc6 3. d4 cxd4 4. Nxd4 Nf6 5. Nc3 e6 6. Ndb5 Bc5 7. Bf4 O-O 8.
e5 Ne8 9. Ne4 Be7 10. c3 f5 11. exf6 Nxf6 12. Nxf6+ Bxf6 13. Bd6 Be7 14. Bc4
Bxd6 15. Qxd6 Qh4 16. Qc5 b6 17. g3 Qe4+ 0-1

[Event "Titled Tuesday 2020.12.22"]
[Site "chess.com INT"]
[Date "2020.12.22"]
[Round "3"]
[White "Barron, Michael"]
[Black "Ioannidis, Ev"]
[Result "0-1"]
[WhiteElo "2108"]
[BlackElo "2411"]
[PlyCount "110"]
[EventDate "2020.12.22"]
[EventType "swiss (blitz)"]
[EventRounds "11"]
[EventCountry "NET"]
[Source "Mark Crowther"]
[SourceDate "2020.12.28"]

1. e4 c5 2. Nf3 d6 3. d4 cxd4 4. Nxd4 Nf6 5. f3 e5 6. Nb3 d5 7. Bg5 d4 8. c3
Nc6 9. cxd4 Bb4+ 10. Bd2 exd4 11. Bxb4 Nxb4 12. Bb5+ Bd7 13. Nxd4 Bxb5 14. Nxb5
O-O 15. N1c3 Qb6 16. Qe2 Rad8 17. Rd1 Rxd1+ 18. Kxd1 Rc8 19. Na3 Nxa2 20. Nxa2
Qb3+ 21. Ke1 Qxa2 22. Kf2 a6 23. Rd1 b5 24. Qd2 Qe6 25. Nc2 h5 26. Nd4 Qe5 27.
g3 Rd8 28. Qc3 h4 29. Rd2 hxg3+ 30. hxg3 Qg5 31. Nb3 Rxd2+ 32. Qxd2 Qxd2+ 33.
Nxd2 Nd7 34. f4 Kf8 35. Ke3 Ke7 36. Kd4 Kd6 37. e5+ Kc6 38. Ne4 f6 39. e6 Nb6
40. e7 Kd7 41. Nc5+ Kxe7 42. Nxa6 Kd6 43. b4 Nd5 44. Nc5 Nxb4 45. Ne4+ Kc6 46.
f5 Nd5 47. g4 Nb6 48. g5 Nd7 49. gxf6 gxf6 50. Nc5 Nxc5 51. Kc3 Na6 52. Kd4 Kd6
53. Ke4 Kc5 54. Kd3 Kd5 55. Kc3 Ke5 0-1

[Event "Titled Tuesday 2020.12.22"]
[Site "chess.com INT"]
[Date "2020.12.22"]
[Round "5"]
[White "Kruckenhauser, Arthur"]
[Black "Barron, Michael"]
[Result "1-0"]
[WhiteElo "2283"]
[BlackElo "2108"]
[PlyCount "107"]
[EventDate "2020.12.22"]
[EventType "swiss (blitz)"]
[EventRounds "11"]
[EventCountry "NET"]
[Source "Mark Crowther"]
[SourceDate "2020.12.28"]

1. e4 e5 2. Nc3 Nf6 3. f4 d5 4. fxe5 Nxe4 5. Nf3 Nc6 6. Qe2 Nxc3 7. dxc3 Be7 8.
Bf4 O-O 9. O-O-O Be6 10. Nd4 Nxd4 11. cxd4 Bg5 12. Qe3 h6 13. Bd3 Bxf4 14. Qxf4
Qg5 15. Qxg5 hxg5 16. h4 gxh4 17. Rxh4 f5 18. Rdh1 Kf7 19. Rh7 Kg6 20. Kd2 Rf7
21. Ke3 Kg5 22. R1h5+ Kg6 23. Kf4 Raf8 24. Rh3 c5 25. R7h4 Rc7 26. g4 c4 27.
gxf5+ Kf7 28. Be2 Ke8 29. Bg4 Bxf5 30. Bxf5 Rcf7 31. Rg4 Rxf5+ 32. Ke3 R8f7 33.
Rhg3 Kf8 34. Rg5 Rf1 35. c3 R1f2 36. Rg2 R2f3+ 37. Ke2 R3f4 38. R5g4 Rxg4 39.
Rxg4 Ke7 40. Rg3 Ke6 41. Rf3 Rd7 42. Rf8 b6 43. Kf3 Rb7 44. Kg4 b5 45. a3 a5
46. Ra8 b4 47. Rxa5 bxc3 48. bxc3 Rb3 49. Ra6+ Ke7 50. Rd6 Rxc3 51. Rxd5 Rxa3
52. Rc5 c3 53. d5 Kd7 54. Kf5 1-0

[Event "Titled Tuesday 2020.12.22"]
[Site "chess.com INT"]
[Date "2020.12.22"]
[Round "6"]
[White "Barron, Michael"]
[Black "Micic, C."]
[Result "1-0"]
[WhiteElo "2108"]
[BlackElo "2366"]
[PlyCount "37"]
[EventDate "2020.12.22"]
[EventType "swiss (blitz)"]
[EventRounds "11"]
[EventCountry "NET"]
[Source "Mark Crowther"]
[SourceDate "2020.12.28"]

1. e4 c5 2. Nf3 d6 3. d4 cxd4 4. Nxd4 Nf6 5. f3 Nc6 6. c4 e6 7. Nc3 Be7 8. Be3
O-O 9. Qd2 a6 10. O-O-O Qc7 11. Kb1 Ne5 12. b3 Bd7 13. Rc1 Rfc8 14. Be2 Nc6 15.
Nd5 exd5 16. cxd5 Bf8 17. Rhd1 Nxd4 18. Rxc7 Nxb3 19. Qc3 1-0

[Event "Titled Tuesday 2020.12.22"]
[Site "chess.com INT"]
[Date "2020.12.22"]
[Round "8"]
[White "Albuquerque, Wellington S jr"]
[Black "Barron, Michael"]
[Result "1-0"]
[WhiteElo "2209"]
[BlackElo "2108"]
[PlyCount "57"]
[EventDate "2020.12.22"]
[EventType "swiss (blitz)"]
[EventRounds "11"]
[EventCountry "NET"]
[Source "Mark Crowther"]
[SourceDate "2020.12.28"]

1. c4 f5 2. g3 Nf6 3. Bg2 e5 4. Nc3 Nc6 5. Nf3 g6 6. O-O Bg7 7. d3 O-O 8. Rb1
a5 9. a3 Qe7 10. Bg5 h6 11. Nd5 Qd6 12. Nxf6+ Bxf6 13. Bxh6 Rf7 14. Ng5 Bxg5
15. Bxg5 Kg7 16. e3 a4 17. h4 b6 18. Bd5 Rf8 19. d4 Bb7 20. dxe5 Qxe5 21. Bf4
Qf6 22. Bxc7 g5 23. hxg5 Qxg5 24. Bf4 Qg6 25. Kg2 Rh8 26. Qc2 Qg4 27. Rh1 Rxh1
28. Rxh1 Rh8 29. Qc3+ 1-0

[Event "Titled Tuesday 2020.12.22"]
[Site "chess.com INT"]
[Date "2020.12.22"]
[Round "9"]
[White "Barron, Michael"]
[Black "Carroll, Thomas"]
[Result "0-1"]
[WhiteElo "2108"]
[BlackElo "2033"]
[PlyCount "54"]
[EventDate "2020.12.22"]
[EventType "swiss (blitz)"]
[EventRounds "11"]
[EventCountry "NET"]
[Source "Mark Crowther"]
[SourceDate "2020.12.28"]

1. e4 c5 2. Nf3 d6 3. d4 cxd4 4. Nxd4 Nf6 5. f3 e5 6. Nb3 a5 7. c4 a4 8. N3d2
Be6 9. Nc3 a3 10. b3 Nh5 11. g3 Nc6 12. Nb5 Qb6 13. Bxa3 Nd4 14. Bb2 Nxb5 15.
cxb5 d5 16. Bxe5 Bb4 17. Bd3 Qe3+ 18. Be2 d4 19. Qc2 Bc3 20. Rd1 O-O 21. Kf1 f6
22. Bd6 Rfd8 23. Nc4 Qh6 24. Bc5 Nxg3+ 25. hxg3 Qxh1+ 26. Kf2 Qh2+ 27. Kf1 Bh3#
0-1

[Event "Titled Tuesday 2020.12.22"]
[Site "chess.com INT"]
[Date "2020.12.22"]
[Round "10"]
[White "Ismayil, Malak"]
[Black "Barron, Michael"]
[Result "1-0"]
[WhiteElo "1997"]
[BlackElo "2108"]
[PlyCount "163"]
[EventDate "2020.12.22"]
[EventType "swiss (blitz)"]
[EventRounds "11"]
[EventCountry "NET"]
[Source "Mark Crowther"]
[SourceDate "2020.12.28"]

1. e4 e5 2. f3 Nf6 3. Bc4 d5 4. exd5 Nxd5 5. Ne2 Nc6 6. O-O Bc5+ 7. Kh1 Be6 8.
Bb3 Qd7 9. Nbc3 O-O-O 10. Qe1 f6 11. d3 Ne3 12. Bxe3 Bxe3 13. Ng3 Bb6 14. Nge4
Nd4 15. Rc1 h5 16. Na4 h4 17. Nac5 Qe7 18. Nxe6 Nxe6 19. Bxe6+ Qxe6 20. h3 g5
21. Qe2 Rd7 22. c4 Bd4 23. b4 Qe7 24. c5 f5 25. Nd2 Qe6 26. Nc4 g4 27. fxg4
fxg4 28. Qxg4 Qxg4 29. hxg4 Rg7 30. Rce1 Rxg4 31. Nxe5 Bxe5 32. Rxe5 h3 33. g3
Rxg3 34. d4 Rd8 35. d5 Rd3 36. Rff5 Rd2 37. Rh5 h2 38. Rxh2 R2xd5 39. Rxd5 Rxd5
40. Rh4 Rd1+ 41. Kg2 Rd2+ 42. Kf3 Rxa2 43. Ke3 Kd7 44. Kd4 Kc6 45. Kc4 Rc2+ 46.
Kb3 Rg2 47. Kc4 b5+ 48. cxb6 axb6 49. b5+ Kb7 50. Rh7 Rb2 51. Rg7 Rb1 52. Rh7
Rc1+ 53. Kb4 Rc5 54. Rg7 Kc8 55. Rh7 Kd8 56. Rg7 Re5 57. Kc4 Re7 58. Rg1 Re4+
59. Kd5 Re7 60. Kc6 Re6+ 61. Kd5 Rd6+ 62. Kc4 Kd7 63. Rg7+ Kc8 64. Rg1 Kb7 65.
Rg7 Rd1 66. Rh7 Rc1+ 67. Kb4 Kc8 68. Rh8+ Kd7 69. Rh6 Re1 70. Rg6 Re4+ 71. Kc3
Re6 72. Rg1 Kd6 73. Rg7 Re7 74. Rg5 Re5 75. Rg7 Rxb5 76. Rg6+ Kd7 77. Rg7+ Kc6
78. Rg6+ Kb7 79. Kc4 Rc5+ 80. Kb4 Rh5 81. Rg8 c6 82. Kb3 1-0

[Event "Titled Tuesday 2020.12.22"]
[Site "chess.com INT"]
[Date "2020.12.22"]
[Round "11"]
[White "Barron, Michael"]
[Black "Colbow, Collin"]
[Result "1-0"]
[WhiteElo "2108"]
[BlackElo "2339"]
[PlyCount "51"]
[EventDate "2020.12.22"]
[EventType "swiss (blitz)"]
[EventRounds "11"]
[EventCountry "NET"]
[Source "Mark Crowther"]
[SourceDate "2020.12.28"]

1. e4 c5 2. Nf3 d6 3. d4 cxd4 4. Nxd4 Nf6 5. f3 Nc6 6. c4 e5 7. Nc2 Be6 8. Nc3
Be7 9. Be3 O-O 10. Be2 Ne8 11. Nd5 f5 12. O-O Nf6 13. Nxe7+ Qxe7 14. exf5 Bxf5
15. Rc1 e4 16. fxe4 Bxe4 17. Bd3 Bxd3 18. Qxd3 Ne5 19. Qd4 Rac8 20. b3 Nfg4 21.
Bf4 Rf7 22. Bg3 Rcf8 23. Rxf7 Rxf7 24. Rf1 Rf2 25. Bxf2 Qf6 26. Bg3 1-0

[Event "Speed Chess Super Swiss"]
[Site "chess.com INT"]
[Date "2020.10.03"]
[Round "1"]
[White "Har Zvi, R."]
[Black "Barron, Michael"]
[Result "1-0"]
[WhiteElo "2513"]
[BlackElo "2108"]
[PlyCount "83"]
[EventDate "2020.10.03"]
[EventType "swiss (blitz)"]
[EventRounds "15"]
[EventCountry "NET"]
[Source "Mark Crowther"]
[SourceDate "2020.10.05"]

1. Nf3 f5 2. d4 Nf6 3. Bg5 e6 4. Nbd2 Be7 5. Bxf6 Bxf6 6. e4 O-O 7. c3 d5 8.
exd5 exd5 9. Be2 Re8 10. O-O Nd7 11. Re1 Nf8 12. Qb3 c6 13. Bd3 g6 14. Rxe8
Qxe8 15. Re1 Qf7 16. Ne5 Bxe5 17. Rxe5 Be6 18. Nf3 Re8 19. Qd1 Qd7 20. Qe1 Bf7
21. g3 Rxe5 22. Nxe5 Qe6 23. Qd2 Nd7 24. f4 Nf6 25. c4 Ne4 26. Qa5 a6 27. Qc7
Nd6 28. c5 Nb5 29. Bxb5 axb5 30. Qxb7 Be8 31. b3 Qf6 32. Qc8 Qe7 33. Kf2 Kg7
34. h4 h6 35. a4 bxa4 36. bxa4 Bf7 37. Qxc6 Qa7 38. Qd7 Qxd7 39. Nxd7 Be8 40.
c6 Kf7 41. a5 Ke7 42. a6 1-0

[Event "Speed Chess Super Swiss"]
[Site "chess.com INT"]
[Date "2020.10.03"]
[Round "2"]
[White "Barron, Michael"]
[Black "Sumaneev, D."]
[Result "0-1"]
[WhiteElo "2108"]
[BlackElo "2450"]
[PlyCount "78"]
[EventDate "2020.10.03"]
[EventType "swiss (blitz)"]
[EventRounds "15"]
[EventCountry "NET"]
[Source "Mark Crowther"]
[SourceDate "2020.10.05"]

1. e4 e6 2. d4 d5 3. Nd2 Nf6 4. e5 Nfd7 5. f4 c5 6. c3 Nc6 7. Ndf3 cxd4 8. cxd4
Bb4+ 9. Bd2 Qb6 10. a3 Bxd2+ 11. Qxd2 f6 12. b4 fxe5 13. fxe5 O-O 14. Ne2 a5
15. b5 Ne7 16. a4 Qd8 17. Ng3 Nf5 18. Nxf5 Rxf5 19. Bd3 Rf8 20. O-O h6 21. Rf2
Qe7 22. Raf1 Nb6 23. Bc2 Bd7 24. Qd3 g5 25. h4 g4 26. Qg6+ Qg7 27. Nh2 Qxg6 28.
Rxf8+ Rxf8 29. Rxf8+ Kxf8 30. Bxg6 Nxa4 31. Nxg4 Kg7 32. h5 Nc3 33. b6 a4 34.
Nf6 Bb5 35. Ne8+ Bxe8 36. Bxe8 a3 37. Bc6 a2 38. Bxb7 a1=Q+ 39. Kh2 Qb2 0-1

[Event "Speed Chess Super Swiss"]
[Site "chess.com INT"]
[Date "2020.10.03"]
[Round "4"]
[White "Sliwicki, D."]
[Black "Barron, Michael"]
[Result "1-0"]
[WhiteElo "2169"]
[BlackElo "2108"]
[PlyCount "65"]
[EventDate "2020.10.03"]
[EventType "swiss (blitz)"]
[EventRounds "15"]
[EventCountry "NET"]
[Source "Mark Crowther"]
[SourceDate "2020.10.05"]

1. e4 e5 2. Nf3 Nc6 3. Bc4 Bc5 4. d4 exd4 5. O-O Nf6 6. e5 d5 7. exf6 dxc4 8.
Re1+ Be6 9. fxg7 Rg8 10. Bg5 Qd5 11. Nc3 Qf5 12. Ne4 Rxg7 13. Nh4 Qxg5 14. Nxg5
Rxg5 15. Qf3 O-O-O 16. g3 Rdg8 17. Qf6 Be7 18. Qh6 Rg4 19. Ng2 R4g7 20. Rxe6
fxe6 21. Qxe6+ Kb8 22. Qxc4 Ne5 23. Qe2 Bd6 24. Kh1 c5 25. Re1 c4 26. f4 Ng4
27. Qxc4 Nf2+ 28. Kg1 Nh3+ 29. Kf1 Rc8 30. Qxd4 Rd7 31. c3 Rcd8 32. Qe4 Bc7 33.
Ne3 1-0

[Event "Speed Chess Super Swiss"]
[Site "chess.com INT"]
[Date "2020.10.03"]
[Round "5"]
[White "Zambrano Rodriguez, Alexander"]
[Black "Barron, Michael"]
[Result "0-1"]
[WhiteElo "2226"]
[BlackElo "2108"]
[PlyCount "58"]
[EventDate "2020.10.03"]
[EventType "swiss (blitz)"]
[EventRounds "15"]
[EventCountry "NET"]
[Source "Mark Crowther"]
[SourceDate "2020.10.05"]

1. Nf3 f5 2. g3 Nf6 3. d4 g6 4. Bg2 Bg7 5. O-O O-O 6. c4 d6 7. Nc3 c6 8. h4 Qe8
9. a4 e5 10. dxe5 dxe5 11. e4 f4 12. b3 Nh5 13. Kh2 Bg4 14. Qd3 Nd7 15. Ba3 Rf6
16. a5 Bf8 17. Bxf8 Nxf8 18. a6 Rd8 19. Qc2 b6 20. Ng5 h6 21. Nf3 Bxf3 22. Bxf3
fxg3+ 23. fxg3 Qf7 24. Bg2 Ne6 25. Rxf6 Nxf6 26. Ne2 Ng4+ 27. Kh1 Ne3 28. Qb2
Qf2 29. Rg1 Nd4 0-1

[Event "Speed Chess Super Swiss"]
[Site "chess.com INT"]
[Date "2020.10.03"]
[Round "6"]
[White "Barron, Michael"]
[Black "Tereladze, S."]
[Result "0-1"]
[WhiteElo "2108"]
[BlackElo "2141"]
[PlyCount "68"]
[EventDate "2020.10.03"]
[EventType "swiss (blitz)"]
[EventRounds "15"]
[EventCountry "NET"]
[Source "Mark Crowther"]
[SourceDate "2020.10.05"]

1. e4 e5 2. Nf3 Nc6 3. Bb5 Nf6 4. O-O a6 5. Bxc6 dxc6 6. Nxe5 Be6 7. Nc3 Bb4 8.
d3 O-O 9. Be3 Qd6 10. f4 Rad8 11. Qe2 Bc5 12. Rae1 Nd7 13. Nxd7 Bxd7 14. Bxc5
Qxc5+ 15. Qe3 Qb4 16. Qc1 f5 17. e5 Be6 18. a3 Qb6+ 19. Kh1 c5 20. Na4 Qa5 21.
b3 Rd4 22. Qb2 Rfd8 23. Nc3 b5 24. Ne2 R4d7 25. Ra1 Qb6 26. Qc3 c4 27. bxc4
bxc4 28. d4 Bd5 29. Rab1 Qg6 30. Ng3 h5 31. Rf2 h4 32. Nf1 h3 33. Qxh3 Re7 34.
Ne3 Be4 0-1

[Event "Speed Chess Super Swiss"]
[Site "chess.com INT"]
[Date "2020.10.03"]
[Round "7"]
[White "Chernikov, Vladimir"]
[Black "Barron, Michael"]
[Result "0-1"]
[WhiteElo "2231"]
[BlackElo "2108"]
[PlyCount "50"]
[EventDate "2020.10.03"]
[EventType "swiss (blitz)"]
[EventRounds "15"]
[EventCountry "NET"]
[Source "Mark Crowther"]
[SourceDate "2020.10.05"]

1. Nf3 f5 2. c4 Nf6 3. Nc3 g6 4. d4 Bg7 5. b4 O-O 6. Qb3 Kh8 7. Bb2 d6 8. e3 c6
9. Be2 Qe8 10. O-O e5 11. dxe5 dxe5 12. Rad1 e4 13. Ng5 h6 14. Nh3 g5 15. c5
Be6 16. Bc4 Bxc4 17. Qxc4 Nbd7 18. Kh1 Ne5 19. Qe2 Rd8 20. Rxd8 Qxd8 21. Rd1
Nd3 22. f3 Nd5 23. Nxd5 Nxb2 24. fxe4 Nxd1 25. Qxd1 fxe4 0-1

[Event "Speed Chess Super Swiss"]
[Site "chess.com INT"]
[Date "2020.10.03"]
[Round "8"]
[White "Barron, Michael"]
[Black "Manukian, Ar"]
[Result "0-1"]
[WhiteElo "2108"]
[BlackElo "2196"]
[PlyCount "76"]
[EventDate "2020.10.03"]
[EventType "swiss (blitz)"]
[EventRounds "15"]
[EventCountry "NET"]
[Source "Mark Crowther"]
[SourceDate "2020.10.05"]

1. e4 c6 2. d4 d5 3. Nd2 dxe4 4. Nxe4 Nf6 5. Nxf6+ exf6 6. Nf3 Bd6 7. g3 O-O 8.
Bg2 Re8+ 9. Be3 Bg4 10. O-O Qc8 11. Qd2 Bh3 12. Rfe1 Bxg2 13. Kxg2 Nd7 14. Bf4
Qc7 15. Bxd6 Qxd6 16. Rxe8+ Rxe8 17. Re1 Re6 18. Re3 h6 19. c4 b6 20. Qd3 g6
21. d5 Rxe3 22. fxe3 cxd5 23. Qxd5 Qxd5 24. cxd5 Kf8 25. e4 Nc5 26. Nd2 Ke7 27.
Kf3 Kd6 28. Ke3 b5 29. b4 Nd7 30. Nb3 f5 31. exf5 Kxd5 32. fxg6 fxg6 33. Nd2
Ne5 34. Ne4 Ng4+ 35. Kf4 Nxh2 36. g4 Nxg4 37. Nd2 Ne5 38. a3 Nc4 0-1

[Event "Speed Chess Super Swiss"]
[Site "chess.com INT"]
[Date "2020.10.03"]
[Round "9"]
[White "Taras, I."]
[Black "Barron, Michael"]
[Result "0-1"]
[WhiteElo "2224"]
[BlackElo "2108"]
[PlyCount "54"]
[EventDate "2020.10.03"]
[EventType "swiss (blitz)"]
[EventRounds "15"]
[EventCountry "NET"]
[Source "Mark Crowther"]
[SourceDate "2020.10.05"]

1. d4 f5 2. g3 Nf6 3. Bg2 g6 4. h4 Bg7 5. Nh3 O-O 6. Nf4 d6 7. c3 e5 8. Qb3+
Kh8 9. Ne6 Bxe6 10. Qxe6 Nc6 11. Bg5 Qd7 12. Qb3 Na5 13. Qc2 e4 14. Nd2 d5 15.
Nf1 Nc4 16. b3 Nd6 17. Ne3 c6 18. O-O-O b5 19. Kb2 a5 20. Bh3 b4 21. Bxf6 Bxf6
22. c4 a4 23. cxd5 axb3 24. axb3 cxd5 25. Nxd5 Rfc8 26. Qd2 Qa7 27. Ra1 Qxd4+
0-1